Case studies in business, society, and ethics

Salvato in:
Dettagli Bibliografici
Autore principale: Beauchamp, Tom L.
Natura: Libro
Lingua:Undetermined
Pubblicazione: Englewood Prentice-Hall 1983
Soggetti:
Tags: Aggiungi Tag
Nessun Tag, puoi essere il primo ad aggiungerne! !
Thư viện lưu trữ: Trung tâm Học liệu Trường Đại học Cần Thơ
LEADER 00554nam a2200205Ia 4500
001 CTU_86638
008 210402s9999 xx 000 0 und d
082 |a 658.4 
082 |b B372 
100 |a Beauchamp, Tom L. 
245 0 |a Case studies in business, society, and ethics 
245 0 |c Tom L. Beauchamp 
260 |a Englewood 
260 |b Prentice-Hall 
260 |c 1983 
650 |a Industry 
650 |x Social aspects,Case studies 
650 |z United states 
904 |i Năm 
980 |a Trung tâm Học liệu Trường Đại học Cần Thơ